000 00519nam a2200229Ia 4500
003 OSt
005 20220912144327.0
006 a|||||r|||| 00| 0
007 ta
008 220909b |||||||| |||| 00| 0 eng d
020 _aSL01094403
024 _a196044
037 _cTextual
040 _aCSL
_beng
_cCSL
041 _aeng
082 _aI:2, N4;1
100 _aTayal M S
245 0 _aPlant anatomy
700 _aTayal M S
942 _hI:2, N4;1
_cTEXL
_2CC
999 _c5001
_d5001